[Event "HUN-chT2 Toth 1718"]
[Site "Hungary"]
[Date "2017.12.03"]
[Round "5.6"]
[White "Barcsi, Judit"]
[Black "Keresztes, Mark"]
[Result "1/2-1/2"]
[WhiteElo "2036"]
[BlackElo "1998"]
[PlyCount "43"]
[EventDate "2017.09.24"]
[EventType "team-tourn"]
[EventRounds "11"]
[EventCountry "HUN"]
[SourceTitle "EXT 2021"]
[Source "ChessBase"]
[SourceDate "2020.10.23"]
[SourceVersion "1"]
[SourceVersionDate "2020.10.23"]
[SourceQuality "1"]
[WhiteTeam "Felegyhaza Csongrad"]
[BlackTeam "Kecskemet Toth Laszlo II"]
[WhiteTeamCountry "HUN"]
[BlackTeamCountry "HUN"]

1. e4 Nc6 2. Nf3 d6 3. c3 Nf6 4. d3 Bg4 5. Be2 e6 6. Be3 Be7 7. Nbd2 0-0 8. h3 Bxf3 9. Nxf3 d5 10. e5 Nd7 11. d4 a6 12. a4 Rb8 13. Qc2 f6 14. Bd3 fxe5 15. Bxh7+ Kh8 16. dxe5 Ndxe5 17. Nxe5 Nxe5 18. 0-0 Qe8 19. Bd4 Qh5 20. Bxe5 Qxe5 21. Rae1 Qf6 22. Bd3 1/2-1/2

[Event "HUN-chT2 Toth 1617"]
[Site "Hungary"]
[Date "2016.11.27"]
[Round "5.7"]
[White "Olah, Bela Janos"]
[Black "Barcsi, Judit"]
[Result "1/2-1/2"]
[WhiteElo "1952"]
[BlackElo "2041"]
[PlyCount "115"]
[EventDate "2016.09.25"]
[EventType "team-tourn"]
[EventRounds "11"]
[EventCountry "HUN"]
[SourceTitle "EXT 2021"]
[Source "ChessBase"]
[SourceDate "2020.10.23"]
[SourceVersion "1"]
[SourceVersionDate "2020.10.23"]
[SourceQuality "1"]
[WhiteTeam "Bekes"]
[BlackTeam "Felegyhaza Csongrad"]
[WhiteTeamCountry "HUN"]
[BlackTeamCountry "HUN"]

1. d4 d5 2. Bf4 Nf6 3. e3 c5 4. c3 Nc6 5. h3 Bf5 6. Bd3 Bg6 7. Bxg6 hxg6 8. Qb3 Qd7 9. Nf3 c4 10. Qc2 Qf5 11. Qxf5 gxf5 12. Ne5 Nxe5 13. Bxe5 Nd7 14. Bg3 f6 15. Nd2 Rc8 16. Ke2 a6 17. Rhc1 e5 18. Nf3 exd4 19. Nxd4 g6 20. Ne6 Ne5 21. Nf4 Rd8 22. Rd1 g5 23. Nxd5 Nd3 24. Nb6 Nxb2 25. Rxd8+ Kxd8 26. Rb1 Ba3 27. Nd5 Rf8 28. h4 Rf7 29. h5 Na4 30. Kf1 Bb2 31. Nb6 Nxb6 32. Rxb2 Na4 33. Rb4 b5 34. Rb1 Nxc3 35. Rb2 Ne4 36. Bh2 Rh7 37. f3 c3 38. Rc2 Nd2+ 39. Ke2 b4 40. g4 Kd7 41. Bg3 Ke6 42. Rc1 fxg4 43. fxg4 f5 44. gxf5+ Kxf5 45. Bd6 a5 46. Rh1 Ne4 47. Bb8 Nf6 48. h6 Ng4 49. Bc7 Nxh6 50. Bxa5 Ra7 51. Bxb4 Rxa2+ 52. Kd3 Ng4 53. Rf1+ Rf2 54. Rxf2+ Nxf2+ 55. Kxc3 Ke4 56. Kd2 g4 57. Bd6 Kf3 58. Bf4 1/2-1/2

[Event "HUN-chT2 Maroczy 1213"]
[Site "Hungary"]
[Date "2013.03.24"]
[Round "9"]
[White "Barcsi, Judit"]
[Black "Nemeth, Henrietta"]
[Result "0-1"]
[WhiteElo "2058"]
[BlackElo "1648"]
[PlyCount "32"]
[EventDate "2012.09.16"]
[EventType "team-tourn"]
[EventRounds "11"]
[EventCountry "HUN"]
[SourceTitle "EXT 2014"]
[Source "ChessBase"]
[SourceDate "2013.11.20"]
[SourceVersion "1"]
[SourceVersionDate "2013.11.20"]
[SourceQuality "1"]
[WhiteTeam "Maroczy"]
[BlackTeam "Taban Spartacus"]
[WhiteTeamCountry "HUN"]
[BlackTeamCountry "HUN"]

1. e4 e5 2. Nf3 Nc6 3. d4 exd4 4. Bc4 Nf6 5. e5 d5 6. Bb5 Ne4 7. Nxd4 Bd7 8. Bxc6 Bxc6 9. 0-0 Bc5 10. f3 Ng5 11. Kh1 0-0 12. f4 Ne4 13. c3 Qh4 14. Qf3 Bxd4 15. cxd4 Bb5 16. Rd1 Be2 0-1

[Event "HUN-chT2 Maroczy 1213"]
[Site "Hungary"]
[Date "2012.11.18"]
[Round "4"]
[White "Barcsi, Judit"]
[Black "Kiss, Gergely"]
[Result "1/2-1/2"]
[WhiteElo "2058"]
[BlackElo "1899"]
[PlyCount "32"]
[EventDate "2012.09.16"]
[EventType "team-tourn"]
[EventRounds "11"]
[EventCountry "HUN"]
[SourceTitle "EXT 2014"]
[Source "ChessBase"]
[SourceDate "2013.11.20"]
[SourceVersion "1"]
[SourceVersionDate "2013.11.20"]
[SourceQuality "1"]
[WhiteTeam "Maroczy"]
[BlackTeam "Debrecen"]
[WhiteTeamCountry "HUN"]
[BlackTeamCountry "HUN"]

1. e4 c5 2. Nf3 e6 3. d4 cxd4 4. Nxd4 Nf6 5. Nc3 Nc6 6. Be3 Bb4 7. Bd3 d5 8. Nxc6 bxc6 9. exd5 cxd5 10. Bd4 0-0 11. 0-0 Bd6 12. f4 Bb7 13. Qf3 Qe7 14. Kh1 Bc5 15. Be5 Nd7 16. Qh3 g6 1/2-1/2

[Event "HUN-chT2 Maroczy 1112"]
[Site "Hungary"]
[Date "2011.09.25"]
[Round "1"]
[White "Barcsi, Judit"]
[Black "Balogh, David"]
[Result "1-0"]
[WhiteElo "2043"]
[BlackElo "2025"]
[PlyCount "59"]
[EventDate "2011.09.25"]
[EventType "team-tourn"]
[EventRounds "11"]
[EventCountry "HUN"]
[SourceTitle "EXT 2013"]
[Source "ChessBase"]
[SourceDate "2012.11.22"]
[SourceVersion "1"]
[SourceVersionDate "2012.11.22"]
[SourceQuality "1"]
[WhiteTeam "Maroczy"]
[BlackTeam "Kisujszallas"]
[WhiteTeamCountry "HUN"]
[BlackTeamCountry "HUN"]

1. e4 e6 2. d4 d5 3. exd5 exd5 4. c4 Nf6 5. Nc3 Be7 6. Nf3 Nbd7 7. cxd5 0-0 8. Bc4 Nb6 9. Qb3 Bf5 10. Bf4 Bc2 11. Qxc2 Nxc4 12. 0-0 a6 13. Rac1 Rc8 14. Be5 Nb6 15. Qb3 Bd6 16. Rfd1 Ne8 17. a4 Rb8 18. a5 Nc8 19. Ne4 f6 20. Bg3 Rf7 21. Nc5 Bxg3 22. hxg3 Ncd6 23. Re1 Nb5 24. Re2 Ned6 25. Rce1 Kh8 26. g4 Qc8 27. Ne6 Qd7 28. g5 Rg8 29. g6 hxg6 30. Ne5 1-0

[Event "HUN-chT2 Maroczy 1011"]
[Site "Hungary"]
[Date "2011.05.15"]
[Round "11"]
[White "Barcsi, Judit"]
[Black "Szurovszky, Elek"]
[Result "1-0"]
[WhiteElo "2073"]
[BlackElo "2155"]
[PlyCount "75"]
[EventDate "2010.09.12"]
[EventType "team-tourn"]
[EventRounds "11"]
[EventCountry "HUN"]
[SourceTitle "EXT 2012"]
[Source "ChessBase"]
[SourceDate "2011.11.24"]
[SourceVersion "1"]
[SourceVersionDate "2011.11.24"]
[SourceQuality "1"]
[WhiteTeam "Maroczy"]
[BlackTeam "Fuzesabony"]
[WhiteTeamCountry "HUN"]
[BlackTeamCountry "HUN"]

1. e4 e5 2. Nf3 Nc6 3. d4 exd4 4. Bc4 Bc5 5. c3 Qe7 6. 0-0 d3 7. e5 d6 8. Bg5 Qd7 9. Re1 d5 10. Bxd3 Nge7 11. Qc2 h6 12. Bh4 g5 13. Bg3 Qg4 14. b4 Bb6 15. a4 a5 16. b5 Nd8 17. Kh1 Nf5 18. e6 Nxg3+ 19. fxg3 Bxe6 20. Ne5 Qh5 21. g4 Qh4 22. g3 Qh3 23. Bf1 Qxf1+ 24. Rxf1 c6 25. Nd2 cxb5 26. axb5 Rc8 27. Qd3 Bc7 28. Rae1 Ke7 29. Ndf3 Bd6 30. Nd4 Bxe5 31. Rxe5 Kd6 32. Nxe6 fxe6 33. Rfe1 a4 34. Qd4 Kd7 35. Rxd5+ exd5 36. Qxd5+ Kc7 37. Qe5+ Kb6 38. Qxh8 1-0

[Event "HUN-chT2 Maroczy 1011"]
[Site "Hungary"]
[Date "2011.03.27"]
[Round "7"]
[White "Mester, Attila"]
[Black "Barcsi, Judit"]
[Result "1/2-1/2"]
[WhiteElo "2113"]
[BlackElo "2073"]
[PlyCount "57"]
[EventDate "2010.09.12"]
[EventType "team-tourn"]
[EventRounds "11"]
[EventCountry "HUN"]
[SourceTitle "EXT 2012"]
[Source "ChessBase"]
[SourceDate "2011.11.24"]
[SourceVersion "1"]
[SourceVersionDate "2011.11.24"]
[SourceQuality "1"]
[WhiteTeam "Penzugyor II"]
[BlackTeam "Maroczy"]
[WhiteTeamCountry "HUN"]
[BlackTeamCountry "HUN"]

1. e4 c5 2. Nf3 d6 3. d4 cxd4 4. Nxd4 Nf6 5. Nc3 a6 6. f4 Nbd7 7. Be2 g6 8. Bf3 e5 9. Nde2 b5 10. Be3 Bb7 11. a3 Qc7 12. g4 h6 13. Ng3 exf4 14. Bxf4 Ne5 15. Be2 Nc4 16. Qd4 Ne5 17. 0-0-0 Be7 18. h3 0-0-0 19. Bxb5 g5 20. Be3 axb5 21. Nxb5 Qc5 22. Qxc5+ dxc5 23. Nf5 Bf8 24. Na7+ Kc7 25. Nb5+ Kc8 26. Na7+ Kc7 27. Nb5+ Kc8 28. Na7+ Kc7 29. Nb5+ 1/2-1/2

[Event "Senta op-A 13th"]
[Site "Senta"]
[Date "2009.07.25"]
[Round "9"]
[White "Kadric, Denis"]
[Black "Barcsi, Judit"]
[Result "1-0"]
[WhiteElo "2156"]
[BlackElo "2033"]
[PlyCount "77"]
[EventDate "2009.07.18"]
[EventType "swiss"]
[EventRounds "9"]
[EventCountry "YUG"]
[SourceTitle "CBM 131 Extra"]
[Source "ChessBase"]
[SourceDate "2009.09.03"]
[SourceVersion "2"]
[SourceVersionDate "2009.09.16"]
[SourceQuality "1"]

1. e4 c5 2. Nf3 d6 3. d4 cxd4 4. Nxd4 Nf6 5. Nc3 a6 6. Rg1 h5 7. h3 h4 8. Bg5 Qa5 9. Qd2 b5 10. Nb3 Qc7 11. Nd5 Nxd5 12. exd5 Bb7 13. 0-0-0 Nd7 14. Na5 Nb6 15. Nxb7 Qxb7 16. b3 g6 17. Bd3 Qxd5 18. Rge1 e6 19. Kb1 Rc8 20. Qe3 Qc5 21. Bxg6 Qxe3 22. Bxe3 Nd7 23. Bd4 e5 24. Bf5 Rc7 25. f4 f6 26. Bf2 Be7 27. Re2 Nf8 28. Be1 Kf7 29. Ba5 Rc5 30. Bb4 Rc6 31. Be4 Rb6 32. Ba5 Rb8 33. Bc7 Rc8 34. Bxd6 Bxd6 35. Rxd6 exf4 36. Rxa6 Rh5 37. Bd3 Rb8 38. a4 bxa4 39. Rxa4 1-0

[Event "Senta op-A 13th"]
[Site "Senta"]
[Date "2009.07.24"]
[Round "8"]
[White "Barcsi, Judit"]
[Black "Toth, Sarolta"]
[Result "0-1"]
[WhiteElo "2033"]
[BlackElo "2236"]
[PlyCount "56"]
[EventDate "2009.07.18"]
[EventType "swiss"]
[EventRounds "9"]
[EventCountry "YUG"]
[SourceTitle "CBM 131 Extra"]
[Source "ChessBase"]
[SourceDate "2009.09.03"]
[SourceVersion "2"]
[SourceVersionDate "2009.09.16"]
[SourceQuality "1"]

1. e4 c5 2. Nf3 e6 3. d4 cxd4 4. Nxd4 a6 5. c4 Nf6 6. Nc3 Bb4 7. Qd3 Bxc3+ 8. bxc3 Qa5 9. Nb3 Qe5 10. f3 d5 11. Ba3 dxe4 12. Qe3 Nbd7 13. f4 Qc7 14. Nd2 b6 15. Nxe4 Nxe4 16. Qxe4 Bb7 17. Qd4 e5 18. Qe3 0-0-0 19. f5 g6 20. fxg6 hxg6 21. 0-0-0 Nc5 22. Re1 Qd6 23. Bxc5 bxc5 24. h3 f5 25. Rg1 Be4 26. Qf2 Rh7 27. Kb2 Rb7+ 28. Ka1 Qd1+ 0-1

[Event "Senta op-A 13th"]
[Site "Senta"]
[Date "2009.07.22"]
[Round "6"]
[White "Restas, Peter"]
[Black "Barcsi, Judit"]
[Result "1-0"]
[WhiteElo "2301"]
[BlackElo "2033"]
[PlyCount "99"]
[EventDate "2009.07.18"]
[EventType "swiss"]
[EventRounds "9"]
[EventCountry "YUG"]
[SourceTitle "CBM 131 Extra"]
[Source "ChessBase"]
[SourceDate "2009.09.03"]
[SourceVersion "2"]
[SourceVersionDate "2009.09.16"]
[SourceQuality "1"]

1. e4 c6 2. c4 d5 3. exd5 cxd5 4. cxd5 Qxd5 5. Nc3 Qa5 6. Bc4 Nf6 7. Nf3 e6 8. 0-0 Be7 9. d4 0-0 10. a3 a6 11. Bd2 Qd8 12. Qe2 b5 13. Ba2 Bb7 14. Bg5 Nbd7 15. Rad1 Nb6 16. Ne5 Nfd5 17. Bc1 Rc8 18. Ne4 b4 19. Nc5 Bxc5 20. dxc5 Rxc5 21. Be3 Rc8 22. Bxb6 Qxb6 23. Bxd5 Bxd5 24. Nd7 Qc6 25. Nxf8 Bc4 26. Qc2 Kxf8 27. Rc1 Bb5 28. Qxc6 Rxc6 29. Rxc6 Bxc6 30. axb4 Ke7 31. Rc1 Kd6 32. Kf1 Kc7 33. g3 Kb6 34. Ke2 Kc7 35. Kd3 Kd6 36. Rc5 Bb7 37. Kd4 Bc6 38. h4 f6 39. f4 h6 40. h5 Bf3 41. Ke3 Bc6 42. g4 e5 43. fxe5+ fxe5 44. Kf2 Bd7 45. Kg3 Bc6 46. g5 hxg5 47. Kg4 e4 48. Rxg5 e3 49. Kg3 e2 50. Kf2 1-0

[Event "Senta op-A 13th"]
[Site "Senta"]
[Date "2009.07.21"]
[Round "5"]
[White "Barcsi, Judit"]
[Black "Stankovic, Darko"]
[Result "1-0"]
[WhiteElo "2033"]
[BlackElo "1942"]
[PlyCount "209"]
[EventDate "2009.07.18"]
[EventType "swiss"]
[EventRounds "9"]
[EventCountry "YUG"]
[SourceTitle "CBM 131 Extra"]
[Source "ChessBase"]
[SourceDate "2009.09.03"]
[SourceVersion "2"]
[SourceVersionDate "2009.09.16"]
[SourceQuality "1"]

1. e4 c5 2. Nf3 Nc6 3. d4 cxd4 4. Nxd4 Nf6 5. Nc3 e5 6. Ndb5 d6 7. Nd5 Nxd5 8. exd5 Nb8 9. c4 Be7 10. Be2 0-0 11. 0-0 f5 12. f4 Qb6+ 13. Kh1 a6 14. Nc3 e4 15. Na4 Qc7 16. Be3 Nd7 17. b4 a5 18. a3 b6 19. Qb3 Kh8 20. Rac1 Ba6 21. Rfd1 Rfc8 22. Bd4 Bf6 23. Bxf6 Nxf6 24. Qe3 Nd7 25. g4 Rab8 26. gxf5 Nf6 27. b5 Bxb5 28. cxb5 Nxd5 29. Qg1 Qb7 30. Rxc8+ Rxc8 31. Rxd5 Qxd5 32. Nxb6 Qd2 33. Nxc8 Qxe2 34. h3 Qf3+ 35. Qg2 Qxf4 36. Ne7 Qe5 37. f6 Qxf6 38. Qxe4 Qf1+ 39. Kh2 Qf2+ 40. Qg2 Qf4+ 41. Qg3 Qd2+ 42. Kg1 Qd1+ 43. Kf2 Qd2+ 44. Kf3 Qd3+ 45. Kf4 Qd4+ 46. Kf5 Qf6+ 47. Ke4 Qxe7+ 48. Kd5 Qb7+ 49. Kc4 Qe4+ 50. Kc3 Qd5 51. Qd3 Qc5+ 52. Kb3 d5 53. Ka4 h6 54. Kxa5 Qa7+ 55. Kb4 Qe7+ 56. Kb3 Qc5 57. a4 d4 58. a5 Qd5+ 59. Ka4 Qa2+ 60. Kb4 Qb2+ 61. Qb3 Qd2+ 62. Ka4 d3 63. a6 Qf4+ 64. Qb4 Qxb4+ 65. Kxb4 d2 66. a7 d1Q 67. a8Q+ Kh7 68. Qe4+ Kh8 69. b6 Qd6+ 70. Kb5 Qd7+ 71. Ka6 Qd6 72. Ka7 Qa3+ 73. Kb8 Qd6+ 74. Kb7 Qd7+ 75. Ka6 Qd6 76. Kb5 Qd7+ 77. Qc6 Qd3+ 78. Qc4 Qd7+ 79. Ka6 Qd6 80. Qc7 Qa3+ 81. Kb5 Qb3+ 82. Kc6 Qf3+ 83. Kd6 Qd3+ 84. Ke7 Qe4+ 85. Kd8 Qd5+ 86. Kc8 Qa8+ 87. Kd7 Qd5+ 88. Qd6 Qb7+ 89. Kd8 Kh7 90. Qc7 Qa8+ 91. Qc8 Qd5+ 92. Kc7 Qc5+ 93. Kb7 Qd6 94. Qc7 Qd5+ 95. Kb8 Qg8+ 96. Qc8 Qd5 97. b7 Qe5+ 98. Qc7 Qe8+ 99. Ka7 Qa4+ 100. Kb6 Qb4+ 101. Ka6 Qa3+ 102. Qa5 Qd6+ 103. Ka7 Qd7 104. Ka8 Qc6 105. Qf5+ 1-0

[Event "HUN-chT2 Maroczy 0809"]
[Site "Hungary"]
[Date "2008.11.30"]
[Round "3"]
[White "Barcsi, Judit"]
[Black "Horvath, Julia"]
[Result "1/2-1/2"]
[WhiteElo "2032"]
[BlackElo "2161"]
[PlyCount "23"]
[EventDate "2008.10.26"]
[EventType "team-tourn"]
[EventRounds "11"]
[EventCountry "HUN"]
[SourceTitle "EXT 2010"]
[Source "ChessBase"]
[SourceDate "2010.11.25"]
[SourceVersion "1"]
[SourceVersionDate "2010.11.25"]
[SourceQuality "1"]
[WhiteTeam "Gyula"]
[BlackTeam "Vasas"]
[WhiteTeamCountry "HUN"]
[BlackTeamCountry "HUN"]

1. e4 d5 2. Nc3 d4 3. Nce2 e5 4. d3 Nc6 5. g3 Bg4 6. Bg2 Bb4+ 7. Bd2 Qd6 8. a3 Bxd2+ 9. Qxd2 Qf6 10. f3 Bd7 11. f4 Nge7 12. Nf3 1/2-1/2

[Event "HUN-chT2 Maroczy 0607"]
[Site "Hungary"]
[Date "2006.11.26"]
[Round "2"]
[White "Gal, Peter"]
[Black "Barcsi, Judit"]
[Result "1/2-1/2"]
[WhiteElo "2146"]
[BlackElo "2035"]
[PlyCount "141"]
[EventDate "2006.11.12"]
[EventType "team"]
[EventRounds "11"]
[EventCountry "HUN"]
[SourceTitle "EXT 2008"]
[Source "ChessBase"]
[SourceDate "2007.11.25"]
[SourceVersion "1"]
[SourceVersionDate "2007.11.25"]
[SourceQuality "1"]
[WhiteTeam "Fuzesabony"]
[BlackTeam "Maroczy"]
[WhiteTeamCountry "HUN"]
[BlackTeamCountry "HUN"]

1. e4 c5 2. f4 e6 3. Nf3 d5 4. e5 Nc6 5. d3 Nge7 6. Be3 Qa5+ 7. Qd2 Qb6 8. c3 d4 9. Bf2 Nd5 10. g3 Bd7 11. Na3 dxc3 12. bxc3 Qa5 13. Nb1 Be7 14. Be2 0-0 15. c4 Ndb4 16. 0-0 Qd8 17. a3 Na6 18. Nc3 Na5 19. Rab1 Bc6 20. Nb5 b6 21. Qe3 Nc7 22. Nc3 Rb8 23. Ne4 Qd7 24. Be1 Nb7 25. Bc3 Rfd8 26. Nfd2 Ba4 27. Nb3 a6 28. Rb2 Bc6 29. Rfb1 Bxe4 30. Qxe4 b5 31. Nc1 Kh8 32. Bf3 f5 33. Qe2 g5 34. Kh1 Rg8 35. Bg2 gxf4 36. gxf4 Rg4 37. Qf3 Bh4 38. Bh3 Rg7 39. Rg2 Rxg2 40. Bxg2 Ne8 41. Qc6 Qf7 42. cxb5 axb5 43. Qxb5 Qh5 44. Na2 Bg3 45. h3 Nc7 46. Qa4 Nd5 47. Bd2 Rg8 48. Qd1 Qh4 49. Rxb7 Bxf4 50. Be1 Qg5 51. Qf3 Bxe5 52. h4 Qg6 53. Bd2 Bf4 54. Bc3+ Nxc3 55. Nxc3 Be5 56. Nd1 Qh6 57. h5 Rg5 58. Kg1 Rg3 59. Qe2 Qf4 60. Rd7 Bd4+ 61. Nf2 Qc1+ 62. Kh2 Qf4 63. Rxd4 cxd4 64. Nh3 Qd6 65. Kg1 Re3 66. Qc2 Qg3 67. Qc8+ Kg7 68. h6+ Kf7 69. Qd7+ Kf8 70. Qd8+ Kf7 71. Qd7+ 1/2-1/2

[Event "HUN-chT2 Maroczy 0506"]
[Site "Hungary"]
[Date "2006.02.12"]
[Round "7"]
[White "Barcsi, Judit"]
[Black "Csolto, Tibor Jr"]
[Result "1-0"]
[WhiteElo "2033"]
[BlackElo "2136"]
[PlyCount "63"]
[EventDate "2005.10.16"]
[EventType "team"]
[EventRounds "11"]
[EventCountry "HUN"]
[SourceTitle "EXT 2009"]
[Source "ChessBase"]
[SourceDate "2008.11.26"]
[SourceVersion "1"]
[SourceVersionDate "2008.11.26"]
[SourceQuality "1"]
[WhiteTeam "Matra"]
[BlackTeam "Kazincbarcika"]
[WhiteTeamCountry "HUN"]
[BlackTeamCountry "HUN"]

1. e4 c6 2. d4 d5 3. Nc3 dxe4 4. Nxe4 Bf5 5. Ng3 Bg6 6. Nf3 Nd7 7. Bd3 Bxd3 8. Qxd3 Ngf6 9. 0-0 e6 10. b3 Qc7 11. c4 h5 12. h3 Bd6 13. Ne2 0-0-0 14. Qc2 Ng4 15. c5 Bh2+ 16. Kh1 g5 17. g3 Nxf2+ 18. Kxh2 Nxh3 19. Kxh3 g4+ 20. Kg2 gxf3+ 21. Rxf3 Nf8 22. Bf4 Qe7 23. Bd6 Qg5 24. Rxf7 Qd5+ 25. Kh3 Rxd6 26. cxd6 h4 27. g4 Nd7 28. Raf1 Qxd6 29. Qe4 Re8 30. Rh7 e5 31. Rxh4 exd4 32. Qxe8+ 1-0

[Event "HUN-chT2 Maroczy 0405"]
[Site "Hungary"]
[Date "2005.04.24"]
[Round "11"]
[White "Kulcsar, Tamas"]
[Black "Barcsi, Judit"]
[Result "1/2-1/2"]
[WhiteElo "2152"]
[BlackElo "2032"]
[PlyCount "62"]
[EventDate "2004.09.26"]
[EventType "team"]
[EventRounds "11"]
[EventCountry "HUN"]
[SourceTitle "EXT 2008"]
[Source "ChessBase"]
[SourceDate "2007.11.25"]
[SourceVersion "1"]
[SourceVersionDate "2007.11.25"]
[SourceQuality "1"]
[WhiteTeam "Vizugy"]
[BlackTeam "Hodmezovasarhely"]
[WhiteTeamCountry "HUN"]
[BlackTeamCountry "HUN"]

1. d4 d5 2. c4 c6 3. Nc3 e6 4. Nf3 dxc4 5. a4 Bb4 6. e3 b5 7. Bd2 a5 8. axb5 Bxc3 9. Bxc3 cxb5 10. b3 Bb7 11. bxc4 b4 12. Bb2 Nf6 13. Bd3 Nbd7 14. c5 0-0 15. 0-0 Qc7 16. Qd2 Ng4 17. e4 e5 18. h3 Ngf6 19. d5 Qxc5 20. Nxe5 Qe7 21. Nxd7 Nxd7 22. Bb5 Nc5 23. Qd4 f6 24. f3 Qd6 25. Ba4 Rfc8 26. Qd2 Rc7 27. Bd4 Rac8 28. Bd1 Qa6 29. Be2 Qd6 30. Bd1 Qa6 31. Be2 Qd6 1/2-1/2